000 00924nam a2200253 a 4500
001 000014105
005 20250924073801.0
008 091204s1987 dr a 000 0 spa d
040 _aDO-SdBNP
_bspa
_cBNPHU
082 _a617.6342
_bS678i
100 1 _aSocías Báez, Nelson
_920042
245 1 0 _aInstructivo de endodoncia /
_cNelson Socías Báez, Francisca Berroa.
260 _aSanto Domingo :
_bUniversitaria,
_c1987.
300 _a90 p. :
_bil. , tab. ;
_c20 cm.
490 1 _aPublicaciones de la Universidad Autónoma de Santo Domingo
_v564
490 1 _aCuadernos de Odontología
_v5
504 _aBibliografía : p. 89-90
590 _aInventariado,2018/DG
650 4 _aEndodoncia
_931919
700 1 _aBerroa, Francisca
_931925
830 _aPublicaciones de la Universidad Autónoma de Santo Domingo
_v564
_952
830 0 _aCuadernos de Odontología
_v5
_931926
910 _aValidado. Control de calidad BNPHU
999 _c13707
_d13707